<?xml version="1.0" encoding="UTF-8"?>
<record
    xmlns:xsi="http://www.w3.org/2001/XMLSchema-instance"
    xsi:schemaLocation="http://www.loc.gov/MARC21/slim http://www.loc.gov/standards/marcxml/schema/MARC21slim.xsd"
    xmlns="http://www.loc.gov/MARC21/slim">

  <leader>01791nam a2200397 i 4500</leader>
  <controlfield tag="003">DO-SdBNP</controlfield>
  <controlfield tag="005">20240417150057.0</controlfield>
  <controlfield tag="007">ta</controlfield>
  <controlfield tag="008">240417b2001    dr ac         001 0 spa d</controlfield>
  <datafield tag="040" ind1=" " ind2=" ">
    <subfield code="a">DO-SdBNP</subfield>
    <subfield code="b">spa</subfield>
    <subfield code="c">BNPHU</subfield>
    <subfield code="e">rda</subfield>
  </datafield>
  <datafield tag="082" ind1="4" ind2=" ">
    <subfield code="2">22</subfield>
  </datafield>
  <datafield tag="111" ind1="1" ind2="0">
    <subfield code="a">Feria de Galer&#xED;as de Arte</subfield>
    <subfield code="c">(Santo Domingo, Rep. Dom.</subfield>
    <subfield code="d">2001 : 20 al 25 de noviembre</subfield>
    <subfield code="n">1&#xAA; :)</subfield>
    <subfield code="9">80993</subfield>
  </datafield>
  <datafield tag="245" ind1="1" ind2="0">
    <subfield code="a">Santo Domingo 2001 :</subfield>
    <subfield code="b">primera Feria de Galer&#xED;as de Arte /</subfield>
    <subfield code="c">producci&#xF3;n Mildred Canahuate : textos Abelardo Jim&#xE9;nez Lambertus, Mary Loly de Severino, Juan Jos&#xE9; Mesa, Odalis P&#xE9;rez, Juan Jos&#xE9; Bellapart y otros </subfield>
  </datafield>
  <datafield tag="264" ind1=" " ind2=" ">
    <subfield code="a">Santo Domingo :</subfield>
    <subfield code="b">Asociaci&#xF3;n de Galer&#xED;as de Arte de la Rep. Dom.,</subfield>
    <subfield code="c">2001.</subfield>
  </datafield>
  <datafield tag="300" ind1=" " ind2=" ">
    <subfield code="a">72 p&#xE1;ginas</subfield>
    <subfield code="b">ilustraciones, retratos</subfield>
    <subfield code="c">22 cm</subfield>
  </datafield>
  <datafield tag="336" ind1=" " ind2=" ">
    <subfield code="2">rdacontent</subfield>
    <subfield code="a">texto</subfield>
    <subfield code="b">txt</subfield>
  </datafield>
  <datafield tag="337" ind1=" " ind2=" ">
    <subfield code="2">rdamedia</subfield>
    <subfield code="a">sin mediaci&#xF3;n</subfield>
    <subfield code="b">n</subfield>
  </datafield>
  <datafield tag="338" ind1=" " ind2=" ">
    <subfield code="2">rdacarrier</subfield>
    <subfield code="a">volumen</subfield>
    <subfield code="b">nc</subfield>
  </datafield>
  <datafield tag="590" ind1=" " ind2=" ">
    <subfield code="a">Inventariado, 2024/ YL</subfield>
  </datafield>
  <datafield tag="611" ind1=" " ind2=" ">
    <subfield code="a">Feria de Galer&#xED;as de Arte</subfield>
    <subfield code="c">(20 al 25 de noviembre :</subfield>
    <subfield code="d">2001</subfield>
    <subfield code="z">Santo Domingo, Rep&#xFA;blica Dominicana</subfield>
    <subfield code="9">80994</subfield>
  </datafield>
  <datafield tag="650" ind1="4" ind2=" ">
    <subfield code="a">Feria Galer&#xED;as de Arte</subfield>
    <subfield code="y">2001</subfield>
    <subfield code="z">Rep&#xFA;blica Dominicana</subfield>
    <subfield code="9">80995</subfield>
  </datafield>
  <datafield tag="650" ind1="4" ind2=" ">
    <subfield code="a">Feria Galer&#xED;as de Arte</subfield>
    <subfield code="y">2001</subfield>
    <subfield code="z">Rep&#xFA;blica Dominicana</subfield>
    <subfield code="9">80996</subfield>
  </datafield>
  <datafield tag="700" ind1="1" ind2=" ">
    <subfield code="a">Canahuate, Mildred</subfield>
    <subfield code="e">producci&#xF3;n </subfield>
    <subfield code="9">55020</subfield>
  </datafield>
  <datafield tag="700" ind1="1" ind2=" ">
    <subfield code="a">Jim&#xE9;nez Lambertus, Abelardo </subfield>
    <subfield code="e">textos</subfield>
    <subfield code="9">21571</subfield>
  </datafield>
  <datafield tag="700" ind1="1" ind2=" ">
    <subfield code="a">Severino, Mary Loly de</subfield>
    <subfield code="e">textos</subfield>
    <subfield code="9">76039</subfield>
  </datafield>
  <datafield tag="700" ind1="1" ind2=" ">
    <subfield code="a">Mesa, Juan Jos&#xE9;</subfield>
    <subfield code="e">textos</subfield>
    <subfield code="9">85269</subfield>
  </datafield>
  <datafield tag="700" ind1="1" ind2=" ">
    <subfield code="a">P&#xE9;rez, Odalis</subfield>
    <subfield code="e">textos</subfield>
    <subfield code="9">85270</subfield>
  </datafield>
  <datafield tag="700" ind1="1" ind2=" ">
    <subfield code="a">Bellapart, Juan Jos&#xE9; </subfield>
    <subfield code="e">textos</subfield>
    <subfield code="9">82782</subfield>
  </datafield>
  <datafield tag="700" ind1="1" ind2=" ">
    <subfield code="a">Ramos, Rom&#xE1;n</subfield>
    <subfield code="e">textos</subfield>
    <subfield code="9">82739</subfield>
  </datafield>
  <datafield tag="700" ind1="1" ind2=" ">
    <subfield code="a">Rudman, Isaac</subfield>
    <subfield code="e">textos</subfield>
    <subfield code="9">55839</subfield>
  </datafield>
  <datafield tag="700" ind1="1" ind2=" ">
    <subfield code="a">Abreu de Uterm&#xF6;hlen, Hilda</subfield>
    <subfield code="e">textos</subfield>
    <subfield code="9">85271</subfield>
  </datafield>
  <datafield tag="700" ind1="1" ind2=" ">
    <subfield code="a">Escoto, Francisco Enrique</subfield>
    <subfield code="e">textos</subfield>
    <subfield code="9">85272</subfield>
  </datafield>
  <datafield tag="700" ind1="1" ind2=" ">
    <subfield code="a">Peralta Ag&#xFC;ero, Abil</subfield>
    <subfield code="e">textos</subfield>
    <subfield code="9">26618</subfield>
  </datafield>
  <datafield tag="910" ind1=" " ind2=" ">
    <subfield code="a">YLockward</subfield>
  </datafield>
  <datafield tag="942" ind1=" " ind2=" ">
    <subfield code="2">ddc</subfield>
    <subfield code="c">LF2</subfield>
  </datafield>
  <datafield tag="952" ind1=" " ind2=" ">
    <subfield code="0">0</subfield>
    <subfield code="1">0</subfield>
    <subfield code="2">ddc</subfield>
    <subfield code="5">1</subfield>
    <subfield code="7">0</subfield>
    <subfield code="8">PD</subfield>
    <subfield code="a">BNPHU</subfield>
    <subfield code="b">BNPHU</subfield>
    <subfield code="c">CT</subfield>
    <subfield code="d">2013-10-21</subfield>
    <subfield code="e">Donado por Alfonso Qui&#xF1;ones</subfield>
    <subfield code="l">0</subfield>
    <subfield code="o"> BNPHU PD</subfield>
    <subfield code="p">2024-2338</subfield>
    <subfield code="r">2024-04-17</subfield>
    <subfield code="w">2024-04-17</subfield>
    <subfield code="y">LF2</subfield>
  </datafield>
  <datafield tag="999" ind1=" " ind2=" ">
    <subfield code="c">56437</subfield>
    <subfield code="d">56437</subfield>
  </datafield>
</record>
